000 00554nam a22002177a 4500
003 OSt
005 20170407145154.0
008 170407b xxu||||| |||| 00| 0 eng d
020 _a9780853697916
040 _cDMLN
082 _aQV704 D84d 2010
100 _aEdiited by Dodds, Linda J.
_912083
245 _aDrugs in Use
250 _a4th ed.
260 _aLondon; Pharmaceutical press, 2010
300 _axxii,666p;ill: 23cm
504 _aReferences, & index included
650 _aDrugs
_91642
650 _aPharmacy
_912084
942 _2z
_cSLOAN
999 _c5819
_d5819